Giáo trình tin học; T1

Gorde:
Xehetasun bibliografikoak
Egile nagusia: Hồ Sỹ Đàm
Formatua: Liburua
Hizkuntza:Undetermined
Argitaratua: Hà Nội ĐHQG Hà Nội 2000
Gaiak:
Etiketak: Etiketa erantsi
Etiketarik gabe, Izan zaitez lehena erregistro honi etiketa jartzen!
Thư viện lưu trữ: Trung tâm Học liệu Trường Đại học Cần Thơ
LEADER 00540nam a2200169Ia 4500
001 CTU_43556
008 210402s9999 xx 000 0 und d
082 |a 004.07 
082 |b Đ104/T1 
100 |a Hồ Sỹ Đàm 
245 0 |a Giáo trình tin học; T1 
245 0 |c Hồ Sỹ Đàm, Lê Khắc Thành 
260 |a Hà Nội 
260 |b ĐHQG Hà Nội 
260 |c 2000 
650 |a electronic data processing,information storage and retrieval systems 
980 |a Trung tâm Học liệu Trường Đại học Cần Thơ